000 00487nam a22001817a 4500
005 20251108170655.0
008 250721s1965 xx 000 0 eng d
082 1 4 _aR/614/B
100 1 _aBarry, Gerald
_eProd.
245 1 0 _aHealth & Economics :
_bMan's Fight against sickness & want /
264 1 _aNew York :
_bDoubleday & Co,
_c1965.
300 _a363p : illus
650 1 7 _aPublic Health
650 1 7 _aMedicine
700 1 _aBronowski, J
942 _2ddc
_cREF
999 _c46285
_d46285